Normal view
MARC view
- Hussain, Syed Hameed
Entry Personal Name
001 - CONTROL NUMBER
- control field: 119663
003 - CONTROL NUMBER IDENTIFIER
- control field: NUST
005 - DATE AND TIME OF LATEST TRANSACTION
- control field: 20231212103619.0
008 - FIXED-LENGTH DATA ELEMENTS
- fixed length control field: 231212|| aca||aabn | a|a d
040 ## - CATALOGING SOURCE
- Original cataloging agency: NUST
- Transcribing agency: NUST
100 ## - HEADING--PERSONAL NAME
- Personal name: Hussain, Syed Hameed
670 ## - SOURCE DATA FOUND
- Source citation: Work cat.: (NUST): Hussain, Syed Hameed, Design And Fabrication of FML Composites with High Toughness and Impact Strength /
